| 000 | 00534nam a2200181Ia 4500 | ||
|---|---|---|---|
| 003 | GCL | ||
| 008 | 140319s9999 xx 000 0 ara d | ||
| 040 |
_aGCL / _cGCL |
||
| 082 | 0 | 4 |
_a346.0482 _bف د |
| 100 | 1 | _aفتحى فكرى | |
| 245 | 1 | 0 |
_aدراسة تحليلية لبعض جوانب قانون سلطة الصحافة / _cفتحى فكرى |
| 260 |
_a[S.N] : _bدار النهضة العربية ، _c1987 |
||
| 300 | _a240 ص | ||
| 490 | _a | ||
| 650 | 0 | 4 | _aالقانون |
| 650 | 0 | 4 | _aالصحافة |
| 942 |
_2ddc _cBK |
||
| 999 |
_c32574 _d32574 |
||